[Event "LTU-chT"]
[Site "Lithuania"]
[Date "2023.04.22"]
[Round "6.4"]
[White "Pidluznij, Gleb"]
[Black "Narmontas, Matas"]
[Result "0-1"]
[WhiteElo "2240"]
[BlackElo "2418"]
[PlyCount "80"]
[EventDate "2023.03.04"]
[EventType "team"]
[EventRounds "7"]
[EventCountry "LTU"]
[SourceTitle "EXT 2024"]
[Source "ChessBase"]
[SourceDate "2023.10.10"]
[SourceVersion "1"]
[SourceVersionDate "2023.10.10"]
[SourceQuality "1"]
[WhiteTeam "Klaipeda Bokstas"]
[BlackTeam "Siauliai Dubysa"]
[WhiteTeamCountry "LTU"]
[BlackTeamCountry "LTU"]

1. d4 f5 2. g3 Nf6 3. Bg2 e6 4. Nf3 d5 5. 0-0 Bd6 6. c4 c6 7. Nc3 0-0 8. Qc2 Ne4 9. Ne1 Qf6 10. Be3 Nxc3 11. Qxc3 Nd7 12. Nd3 dxc4 13. Qxc4 Nb6 14. Qc3 Nd5 15. Bxd5 exd5 16. Bf4 Bxf4 17. gxf4 b6 18. Ne5 Ba6 19. Rfe1 Rfc8 20. b4 Qh6 21. Qd2 Bc4 22. Rac1 b5 23. Rc3 a5 24. bxa5 Ra6 25. a3 Rca8 26. Rb1 Rxa5 27. Qc1 R5a6 28. Qe3 Qh5 29. Rb2 h6 30. Kh1 Kh7 31. f3 Qh4 32. Rb1 Qf6 33. Rg1 Qf8 34. Nd7 Qd6 35. Nc5 R6a7 36. Qc1 Bxe2 37. Re3 Re7 38. Qd2 Rae8 39. Rc3 Qf6 40. Rg3 Bc4 0-1

[Event "LTU-chT"]
[Site "Lithuania"]
[Date "2018.03.25"]
[Round "5.1"]
[White "Narmontas, Matas"]
[Black "Chocenka, Dmitrijus"]
[Result "1-0"]
[WhiteElo "2420"]
[BlackElo "2292"]
[PlyCount "75"]
[EventDate "2018.01.27"]
[EventType "team-swiss"]
[EventRounds "7"]
[EventCountry "LTU"]
[SourceTitle "EXT 2019"]
[Source "ChessBase"]
[SourceDate "2018.10.10"]
[SourceVersion "1"]
[SourceVersionDate "2018.10.10"]
[SourceQuality "1"]
[WhiteTeam "Siauliai Tomas"]
[BlackTeam "Vilnius Chess United"]
[WhiteTeamCountry "LTU"]
[BlackTeamCountry "LTU"]

1. d4 Nf6 2. Bg5 d5 3. Nd2 Nbd7 4. Ngf3 e6 5. e4 dxe4 6. Nxe4 Be7 7. Nxf6+ Nxf6 8. Bd3 0-0 9. Qe2 c5 10. 0-0-0 Qa5 11. Kb1 cxd4 12. h4 Rd8 13. g4 e5 14. Nxe5 Be6 15. Bc4 Rac8 16. Bxe6 fxe6 17. Nf3 Rd6 18. Rxd4 Ra6 19. a4 Rb6 20. Bd2 Qc5 21. Bb4 Qc7 22. Ba5 Bc5 23. Bxb6 Qxb6 24. Rc4 Rc6 25. Ne5 Ba3 26. c3 Rc5 27. Rxc5 Bxc5 28. Nc4 Qc6 29. Rd1 Nd5 30. f3 Kf8 31. Re1 Be7 32. g5 Qxa4 33. Nd2 Qxh4 34. Qxe6 Qxg5 35. Ne4 Qh4 36. Qc8+ Kf7 37. Nd6+ Kg6 38. Qf5+ 1-0

[Event "LTU-chT"]
[Site "Lithuania"]
[Date "2018.01.27"]
[Round "1.1"]
[White "Jonkus, Lukas"]
[Black "Narmontas, Matas"]
[Result "1/2-1/2"]
[WhiteElo "1844"]
[BlackElo "2420"]
[PlyCount "76"]
[EventDate "2018.01.27"]
[EventType "team-swiss"]
[EventRounds "7"]
[EventCountry "LTU"]
[SourceTitle "EXT 2019"]
[Source "ChessBase"]
[SourceDate "2018.10.10"]
[SourceVersion "1"]
[SourceVersionDate "2018.10.10"]
[SourceQuality "1"]
[WhiteTeam "Plunge Bokstas"]
[BlackTeam "Siauliai Tomas"]
[WhiteTeamCountry "LTU"]
[BlackTeamCountry "LTU"]

1. d4 f5 2. c4 Nf6 3. Nc3 e6 4. a3 d5 5. Bg5 c6 6. e3 Be7 7. Bxf6 Bxf6 8. f4 b6 9. Nf3 0-0 10. Be2 Bb7 11. 0-0 Nd7 12. b4 Kh8 13. c5 bxc5 14. bxc5 Nxc5 15. Rb1 Rb8 16. dxc5 Bxc3 17. Qa4 Qa5 18. Qxa5 Bxa5 19. Ne5 Ba8 20. Ba6 Bc7 21. Nf3 Kg8 22. Kf2 h6 23. Ke2 Kf7 24. Ne5+ Bxe5 25. fxe5 Ke7 26. Kd3 Kd7 27. Kc3 Rxb1 28. Rxb1 Kc7 29. Rb4 g5 30. g3 Rh8 31. h3 h5 32. Kb3 Rf8 33. Kc3 Rh8 34. Kb3 h4 35. gxh4 Rxh4 36. Rxh4 gxh4 37. Kb4 Bb7 38. Be2 Bc8 1/2-1/2

[Event "LTU-chT"]
[Site "Lithuania"]
[Date "2017.03.18"]
[Round "6.3"]
[White "Chocenka, Dmitrijus"]
[Black "Narmontas, Matas"]
[Result "0-1"]
[WhiteElo "2216"]
[BlackElo "2411"]
[PlyCount "98"]
[EventDate "2017.01.28"]
[EventType "team-swiss"]
[EventRounds "7"]
[EventCountry "LTU"]
[SourceTitle "EXT 2018"]
[Source "ChessBase"]
[SourceDate "2017.10.13"]
[SourceVersion "1"]
[SourceVersionDate "2017.10.13"]
[SourceQuality "1"]
[WhiteTeam "Vilnius Chess United"]
[BlackTeam "Plunge Bokstas"]
[WhiteTeamCountry "LTU"]
[BlackTeamCountry "LTU"]

1. e4 c5 2. Nf3 Nc6 3. d4 cxd4 4. Nxd4 Nf6 5. Nc3 g6 6. Be3 Bg7 7. Be2 0-0 8. 0-0 d5 9. exd5 Nb4 10. Nf3 Nbxd5 11. Nxd5 Nxd5 12. Bd4 Bh6 13. Re1 Nf4 14. h3 Be6 15. Bf1 Qc8 16. Be3 Rd8 17. Qc1 Qc7 18. Nh2 g5 19. Nf3 Bd5 20. Nd4 Qd7 21. c4 Rac8 22. Qc2 b5 23. b3 bxc4 24. bxc4 e6 25. Qb3 Ba8 26. Red1 Qc7 27. Nb5 Qe5 28. Rxd8+ Rxd8 29. Rd1 Rf8 30. Bxa7 Qe4 31. f3 Qf5 32. Bf2 Bg7 33. Nd6 Qa5 34. a4 Bc6 35. Nb5 Be5 36. Qe3 Bb8 37. Ra1 Qb4 38. Qc5 Qb2 39. Qxg5+ Ng6 40. Bd4 Qc2 41. Bf6 Bf4 42. Qc5 Bxf3 43. Qf2 Bh2+ 44. Kxh2 Qxf2 45. Bd4 Qd2 46. Ra3 Bc6 47. Bc3 Qf4+ 48. Kg1 Rd8 49. Ra1 Bxb5 0-1

[Event "LTU-chT"]
[Site "Lithuania"]
[Date "2017.01.28"]
[Round "1.6"]
[White "Narmontas, Matas"]
[Black "Bagvilas, Lukas"]
[Result "1-0"]
[WhiteElo "2411"]
[BlackElo "1740"]
[PlyCount "69"]
[EventDate "2017.01.28"]
[EventType "team-swiss"]
[EventRounds "7"]
[EventCountry "LTU"]
[SourceTitle "CBM 176 Extra"]
[Source "ChessBase"]
[SourceDate "2017.03.02"]
[SourceVersion "1"]
[SourceVersionDate "2017.03.02"]
[SourceQuality "1"]
[WhiteTeam "Plunge Bokstas"]
[BlackTeam "Siauliai Tomas"]
[WhiteTeamCountry "LTU"]
[BlackTeamCountry "LTU"]

1. d4 Nf6 2. Nc3 g6 3. e4 d6 4. g3 Bg7 5. Bg2 0-0 6. Nge2 e5 7. h3 b6 8. 0-0 Bb7 9. Be3 Re8 10. d5 Nbd7 11. Qd2 Nc5 12. b4 Ncd7 13. g4 a5 14. a3 Ba6 15. Rfb1 Bxe2 16. Nxe2 Qc8 17. Ng3 Rd8 18. Qc3 Qb7 19. bxa5 Qa6 20. axb6 cxb6 21. Bf1 Qa4 22. Bb5 Qa5 23. Qxa5 bxa5 24. Bc6 Rac8 25. g5 Nh5 26. Nxh5 gxh5 27. c4 f6 28. h4 Nb8 29. Bb5 Rf8 30. Ra2 f5 31. exf5 Rxf5 32. Rab2 h6 33. gxh6 Bf6 34. Ba4 Na6 35. Bd7 1-0

[Event "EU-ch blitz"]
[Site "Tallinn"]
[Date "2016.12.18"]
[Round "21"]
[White "Narmontas, Matas"]
[Black "Huzman, Alexander"]
[Result "1/2-1/2"]
[WhiteElo "2411"]
[BlackElo "2557"]
[PlyCount "61"]
[EventDate "2016.12.17"]
[EventType "swiss (blitz)"]
[EventRounds "26"]
[EventCountry "EST"]
[SourceTitle "CBM 176 Extra"]
[Source "ChessBase"]
[SourceDate "2017.03.02"]
[SourceVersion "1"]
[SourceVersionDate "2017.03.02"]
[SourceQuality "1"]

1. e4 e6 2. Nf3 d5 3. e5 Ne7 4. d4 c5 5. dxc5 Nec6 6. c4 Bxc5 7. cxd5 Qxd5 8. Qxd5 exd5 9. Nc3 Be6 10. Bd3 Nd7 11. Bf4 h6 12. h4 0-0 13. 0-0 a6 14. Rad1 Rfd8 15. Bb1 Nb6 16. Rc1 Be7 17. Rfd1 Nc4 18. b3 Nb6 19. Be3 Nc8 20. Na4 Bg4 21. Bf4 Ba3 22. Rc3 N8e7 23. Nb6 Rab8 24. e6 Bxe6 25. Bxb8 Rxb8 26. Na4 Bb4 27. Rcc1 Ba3 28. Rc3 Bb4 29. Rcc1 Ba3 30. Rc3 Bb4 31. Rcc1 1/2-1/2

[Event "EU-ch rapid"]
[Site "Tallinn"]
[Date "2016.12.16"]
[Round "11"]
[White "Narmontas, Matas"]
[Black "Ruck, Robert"]
[Result "0-1"]
[WhiteElo "2411"]
[BlackElo "2561"]
[PlyCount "56"]
[EventDate "2016.12.15"]
[EventType "swiss (rapid)"]
[EventRounds "11"]
[EventCountry "EST"]
[SourceTitle "CBM 176 Extra"]
[Source "ChessBase"]
[SourceDate "2017.03.02"]
[SourceVersion "1"]
[SourceVersionDate "2017.03.02"]
[SourceQuality "1"]

1. e4 c6 2. d4 d5 3. f3 Qb6 4. Nc3 dxe4 5. fxe4 e5 6. dxe5 Be6 7. Nf3 Nd7 8. Bd3 Ne7 9. Ng5 Nxe5 10. Nxe6 fxe6 11. Qe2 N7g6 12. Bc4 0-0-0 13. Bxe6+ Kb8 14. Bb3 Bc5 15. Na4 Bb4+ 16. c3 Qc7 17. Bc2 Bd6 18. Be3 Nd7 19. b4 b5 20. Nc5 Nxc5 21. Bxc5 Bxh2 22. Rxh2 Qxh2 23. Qf2 Rhf8 24. Bxf8 Rxf8 25. Qc5 Qh1+ 26. Kd2 Rd8+ 27. Bd3 Qxa1 28. Qxc6 Rxd3+ 0-1

[Event "LTU-chT"]
[Site "Lithuania"]
[Date "2016.04.03"]
[Round "7.2"]
[White "Kulaots, Kaido"]
[Black "Narmontas, Matas"]
[Result "1-0"]
[WhiteElo "2571"]
[BlackElo "2413"]
[PlyCount "125"]
[EventDate "2016.01.23"]
[EventType "team-swiss"]
[EventRounds "7"]
[EventCountry "LTU"]
[SourceTitle "EXT 2017"]
[Source "ChessBase"]
[SourceDate "2016.10.25"]
[SourceVersion "1"]
[SourceVersionDate "2016.10.25"]
[SourceQuality "1"]
[WhiteTeam "Kaunas Margiris"]
[BlackTeam "Plunge Bokstas"]
[WhiteTeamCountry "LTU"]
[BlackTeamCountry "LTU"]

1. e4 c5 2. Nf3 e6 3. d4 cxd4 4. Nxd4 Qb6 5. Nc3 Bc5 6. Na4 Qa5+ 7. c3 Bxd4 8. Qxd4 Nf6 9. Nc5 Nc6 10. Qd6 b6 11. Nb3 Nxe4 12. Qxc6 dxc6 13. Nxa5 bxa5 14. Be3 e5 15. 0-0-0 Be6 16. Ba6 Rb8 17. Rhe1 Nf6 18. c4 Rd8 19. Bd2 Ng4 20. Bxa5 Rxd1+ 21. Rxd1 0-0 22. Bb4 Re8 23. Bc5 e4 24. Bd4 f5 25. h3 Nh6 26. b3 Rb8 27. Be5 Re8 28. Bf4 Nf7 29. h4 Re7 30. Kc2 g6 31. Kc3 h6 32. Be3 g5 33. g3 Kg7 34. hxg5 hxg5 35. a4 Kg6 36. b4 Rc7 37. c5 Kf6 38. Rh1 Bd5 39. Be2 Rc8 40. Bd4+ Ke7 41. b5 f4 42. gxf4 gxf4 43. Rg1 f3 44. Bf1 Nh6 45. Rg7+ Nf7 46. Rg6 Nd8 47. Rg7+ Nf7 48. b6 axb6 49. cxb6 c5 50. Be3 Kf6 51. Rh7 Ra8 52. Rh5 Bc6 53. Rxc5 Bxa4 54. Bf4 Nd8 55. Bh3 Be8 56. Bg5+ Kf7 57. Bf5 Ne6 58. Rc7+ Nxc7 59. bxc7 Ra3+ 60. Kd4 Ra4+ 61. Ke3 Ra3+ 62. Kf4 e3 63. c8Q 1-0

[Event "LTU-chT"]
[Site "Lithuania"]
[Date "2016.01.23"]
[Round "1.1"]
[White "Narmontas, Matas"]
[Black "Vanagas, Tadas"]
[Result "1-0"]
[WhiteElo "2413"]
[BlackElo "2142"]
[PlyCount "91"]
[EventDate "2016.01.23"]
[EventType "team-swiss"]
[EventRounds "7"]
[EventCountry "LTU"]
[SourceTitle "CBM 170 Extra"]
[Source "ChessBase"]
[SourceDate "2016.02.25"]
[SourceVersion "1"]
[SourceVersionDate "2016.02.25"]
[SourceQuality "1"]
[WhiteTeam "Plunge Bokstas"]
[BlackTeam "Kaunas TU"]
[WhiteTeamCountry "LTU"]
[BlackTeamCountry "LTU"]

1. e4 c5 2. Nc3 Nc6 3. Bb5 Nd4 4. Bc4 d6 5. Nge2 Nf6 6. d3 Nxe2 7. Qxe2 e6 8. g4 Be7 9. g5 Nd7 10. h4 a6 11. a4 Ne5 12. f4 Nxc4 13. dxc4 Bd7 14. b3 Qa5 15. Bb2 0-0-0 16. 0-0-0 Bc6 17. Rhf1 Qc7 18. f5 e5 19. f6 gxf6 20. gxf6 Bf8 21. Qh5 Rg8 22. Qxh7 Rg6 23. h5 Rh6 24. Qf5+ Qd7 25. Qf3 Rh7 26. Kb1 Bh6 27. Rg1 Rdh8 28. Ne2 Qe6 29. Rg4 Kc7 30. Bc3 b6 31. Rh1 Bf8 32. Rgh4 Rg8 33. Bd2 Bd7 34. Nc3 Bc6 35. Nd5+ Kb7 36. Qf2 Bxd5 37. cxd5 Qd7 38. Rg1 Rgh8 39. h6 Kc7 40. Rg7 Bxg7 41. fxg7 Rg8 42. Qf6 Qe8 43. Rg4 Qd7 44. Rg3 b5 45. axb5 axb5 46. Rf3 1-0

[Event "Plunge op 35th"]
[Site "Plateliai"]
[Date "2015.07.24"]
[Round "7"]
[White "Zukauskas, Arnas Povilas"]
[Black "Narmontas, Matas"]
[Result "0-1"]
[WhiteElo "1847"]
[BlackElo "2425"]
[PlyCount "54"]
[EventDate "2015.07.20"]
[EventType "swiss"]
[EventRounds "9"]
[EventCountry "LTU"]
[SourceTitle "EXT 2018"]
[Source "ChessBase"]
[SourceDate "2017.10.13"]
[SourceVersion "1"]
[SourceVersionDate "2017.10.13"]
[SourceQuality "1"]

1. Nf3 f5 2. d3 d5 3. e4 dxe4 4. dxe4 Qxd1+ 5. Kxd1 fxe4 6. Ng5 Nf6 7. Nc3 Bf5 8. Bc4 h6 9. Be6 g6 10. Bf7+ Kd7 11. Nh3 e6 12. Nf4 Ng4 13. Ke1 Ne5 14. g4 Nxf7 15. gxf5 gxf5 16. Ng6 Rg8 17. Nxf8+ Rxf8 18. Rg1 Nc6 19. Be3 Nce5 20. Ke2 Rg8 21. Rg3 Nf3 22. Rd1+ Kc6 23. b4 a6 24. a4 b5 25. axb5+ axb5 26. Rxg8 Rxg8 27. Rh1 Rg1 0-1

[Event "Plunge op 35th"]
[Site "Plateliai"]
[Date "2015.07.23"]
[Round "6"]
[White "Narmontas, Matas"]
[Black "Bucinskas, Lukas"]
[Result "1-0"]
[WhiteElo "2425"]
[BlackElo "1835"]
[PlyCount "77"]
[EventDate "2015.07.20"]
[EventType "swiss"]
[EventRounds "9"]
[EventCountry "LTU"]
[SourceTitle "EXT 2018"]
[Source "ChessBase"]
[SourceDate "2017.10.13"]
[SourceVersion "1"]
[SourceVersionDate "2017.10.13"]
[SourceQuality "1"]

1. e4 Nc6 2. Nc3 Nf6 3. d4 e6 4. a3 Be7 5. f4 0-0 6. Nf3 d5 7. e5 Ne4 8. Bd3 f5 9. exf6 Bxf6 10. Be3 Nd6 11. Bf2 Nf5 12. Ne2 Nce7 13. g4 c5 14. c3 cxd4 15. cxd4 Nd6 16. g5 e5 17. gxf6 e4 18. fxe7 Qxe7 19. Ne5 exd3 20. Qxd3 Bf5 21. Qb3 Nc4 22. Rg1 Kh8 23. Rc1 b5 24. Rc3 Rab8 25. Rcg3 g6 26. h4 b4 27. a4 Nxe5 28. dxe5 Rbc8 29. h5 Rc2 30. hxg6 hxg6 31. Rxg6 Bxg6 32. Rxg6 Rxe2+ 33. Kxe2 Qh7 34. Qg3 Qh1 35. Qh4+ Qxh4 36. Bxh4 Rxf4 37. Bf6+ Kh7 38. Rg7+ Kh6 39. Bg5+ 1-0

[Event "Plunge op 35th"]
[Site "Plateliai"]
[Date "2015.07.22"]
[Round "4"]
[White "Sabaliauskis, Martynas"]
[Black "Narmontas, Matas"]
[Result "0-1"]
[WhiteElo "1734"]
[BlackElo "2425"]
[PlyCount "92"]
[EventDate "2015.07.20"]
[EventType "swiss"]
[EventRounds "9"]
[EventCountry "LTU"]
[SourceTitle "EXT 2018"]
[Source "ChessBase"]
[SourceDate "2017.10.13"]
[SourceVersion "1"]
[SourceVersionDate "2017.10.13"]
[SourceQuality "1"]

1. Nf3 d5 2. d4 c6 3. c4 Nf6 4. Nc3 a6 5. cxd5 cxd5 6. Bf4 Nc6 7. e3 e6 8. Bd3 Be7 9. 0-0 0-0 10. Ne5 Bd7 11. Rc1 Rc8 12. a3 Na5 13. Nxd7 Qxd7 14. Be5 Nc4 15. Qe2 b5 16. Bxf6 Bxf6 17. f4 Rc7 18. Bxc4 bxc4 19. Rf3 Rb7 20. Rh3 g6 21. Rf1 Rfb8 22. Nd1 Be7 23. Rff3 f5 24. Rfg3 Bf8 25. Qh5 Qg7 26. Qe2 Rb3 27. Rf3 Qb7 28. Rf2 c3 29. bxc3 Qc6 30. g4 Rxa3 31. gxf5 exf5 32. Rg3 Rb1 33. Rf1 Raa1 34. Rgf3 Qa4 35. Nb2 Qa2 36. R3f2 Ba3 37. Qxa6 Rxf1+ 38. Rxf1 Rxf1+ 39. Kxf1 Qb1+ 40. Nd1 Qxd1+ 41. Kf2 Qc2+ 42. Kf3 Qe4+ 43. Kf2 Bc1 44. Qe2 Qh1 45. Kg3 Qg1+ 46. Kf3 Kg7 0-1

[Event "Fredericia"]
[Site "Fredericia"]
[Date "2015.05.10"]
[Round "8"]
[White "Narmontas, Matas"]
[Black "Rydstrom, Tom"]
[Result "1/2-1/2"]
[WhiteElo "2427"]
[BlackElo "2291"]
[PlyCount "91"]
[EventDate "2015.05.06"]
[EventType "tourn"]
[EventRounds "9"]
[EventCountry "DEN"]
[EventCategory "4"]
[SourceTitle "CBM 166 Extra"]
[Source "ChessBase"]
[SourceDate "2015.06.18"]
[SourceVersion "1"]
[SourceVersionDate "2015.06.18"]
[SourceQuality "1"]

1. d4 d5 2. c3 Nf6 3. Bg5 Nbd7 4. Nd2 h6 5. Bh4 e6 6. e3 Be7 7. Bd3 b6 8. f4 Bb7 9. Qc2 c5 10. Ngf3 Rc8 11. Ne5 0-0 12. 0-0 Ne8 13. Bxe7 Qxe7 14. Ndf3 Nd6 15. g4 Nxe5 16. Nxe5 Nc4 17. Qe2 Qh4 18. Kh1 Rc7 19. Rf2 b5 20. Rg1 Nxe5 21. fxe5 b4 22. Rf4 Qg5 23. Qf2 Qe7 24. g5 h5 25. g6 bxc3 26. bxc3 cxd4 27. cxd4 Bc6 28. Rf1 Be8 29. h4 Rc3 30. Qe2 f5 31. exf6 gxf6 32. Bb1 e5 33. dxe5 Qxe5 34. Qg2 Kg7 35. Rf5 Qxe3 36. Rxh5 Qh3+ 37. Qxh3 Rxh3+ 38. Kg2 Bxg6 39. Bxg6 Kxg6 40. Kxh3 Kxh5 41. Rf5+ Kg6 42. Rxd5 Rc8 43. Ra5 Rc3+ 44. Kg4 Rc4+ 45. Kg3 Rc3+ 46. Kg4 1/2-1/2

[Event "Fredericia"]
[Site "Fredericia"]
[Date "2015.05.10"]
[Round "9"]
[White "Ochsner, Bjorn Moller"]
[Black "Narmontas, Matas"]
[Result "1/2-1/2"]
[WhiteElo "2419"]
[BlackElo "2427"]
[PlyCount "28"]
[EventDate "2015.05.06"]
[EventType "tourn"]
[EventRounds "9"]
[EventCountry "DEN"]
[EventCategory "4"]
[SourceTitle "CBM 166 Extra"]
[Source "ChessBase"]
[SourceDate "2015.06.18"]
[SourceVersion "1"]
[SourceVersionDate "2015.06.18"]
[SourceQuality "1"]

1. e4 e6 2. d4 d5 3. Nc3 Nf6 4. e5 Nfd7 5. f4 c5 6. Nf3 Nc6 7. Be3 a6 8. Qd2 b5 9. dxc5 Bxc5 10. Bd3 Bb7 11. Bf2 Qb6 12. 0-0 Bxf2+ 13. Rxf2 h6 14. Re1 Nc5 1/2-1/2

[Event "Fredericia"]
[Site "Fredericia"]
[Date "2015.05.08"]
[Round "5"]
[White "Thogersen, Rasmus"]
[Black "Narmontas, Matas"]
[Result "1-0"]
[WhiteElo "2128"]
[BlackElo "2427"]
[PlyCount "55"]
[EventDate "2015.05.06"]
[EventType "tourn"]
[EventRounds "9"]
[EventCountry "DEN"]
[EventCategory "4"]
[SourceTitle "CBM 166 Extra"]
[Source "ChessBase"]
[SourceDate "2015.06.18"]
[SourceVersion "1"]
[SourceVersionDate "2015.06.18"]
[SourceQuality "1"]

1. e4 c5 2. Nf3 e6 3. d4 cxd4 4. Nxd4 Qb6 5. Nb5 a6 6. Be3 Qa5+ 7. N5c3 b5 8. Nd2 Bb7 9. Bd3 Qc7 10. f4 Nf6 11. Qe2 d6 12. a3 Nbd7 13. 0-0-0 Nc5 14. Kb1 Be7 15. g4 d5 16. Bxc5 Qxc5 17. f5 Qb6 18. g5 Nxe4 19. Ndxe4 dxe4 20. Bxe4 b4 21. axb4 Bxb4 22. Na4 Qc7 23. fxe6 0-0 24. Rd7 Bxe4 25. Rxc7 Bxh1 26. exf7+ Kh8 27. Qd1 Be4 28. Qd4 1-0

[Event "LTU-chT"]
[Site "Lithuania"]
[Date "2015.02.15"]
[Round "4.5"]
[White "Kazakouski, Valery"]
[Black "Narmontas, Matas"]
[Result "0-1"]
[WhiteElo "2354"]
[BlackElo "2420"]
[PlyCount "108"]
[EventDate "2015.01.24"]
[EventType "team-tourn"]
[EventRounds "7"]
[EventCountry "LTU"]
[SourceTitle "EXT 2016"]
[Source "ChessBase"]
[SourceDate "2015.10.08"]
[SourceVersion "1"]
[SourceVersionDate "2015.10.08"]
[SourceQuality "1"]
[WhiteTeam "Vilnius Fortas"]
[BlackTeam "Plunge Bokstas"]
[WhiteTeamCountry "LTU"]
[BlackTeamCountry "LTU"]

1. e4 c5 2. Nf3 e6 3. b3 Nc6 4. Bb2 d6 5. Bb5 Bd7 6. 0-0 a6 7. Bxc6 Bxc6 8. Re1 Nf6 9. e5 Nd7 10. exd6 Bxd6 11. Nc3 0-0 12. Ne4 Be7 13. Qe2 Qc7 14. Rad1 Rad8 15. d3 Rfe8 16. Qe3 b6 17. h3 h6 18. Qc1 Qb7 19. Qa1 f6 20. Ned2 Nf8 21. Ne4 Ng6 22. Re3 e5 23. Rde1 Bf8 24. Qc1 Bd6 25. Nfd2 Bb8 26. Rg3 Kh7 27. Qd1 Nf4 28. Qg4 Qd7 29. Qxd7 Rxd7 30. Nc4 Bc7 31. Ne3 Rf8 32. Nf1 Nd5 33. Ne3 f5 34. Nxd5 Bxd5 35. Nc3 f4 36. Rf3 Bxf3 37. gxf3 Kg6 38. Ne4 Kf5 39. Kf1 g5 40. Ke2 h5 41. Rg1 Rg8 42. Bc3 Rh7 43. Bb2 Rh6 44. Rh1 Rgg6 45. Bc3 g4 46. Bd2 gxh3 47. Rxh3 Rg1 48. Be1 h4 49. Nc3 Bd8 50. a4 b5 51. Ne4 bxa4 52. bxa4 Be7 53. Nc3 c4 54. dxc4 Rxe1+ 0-1

[Event "Taujenai Mikenas Memorial 2nd"]
[Site "Taujenai"]
[Date "2014.08.05"]
[Round "3"]
[White "Narmontas, Matas"]
[Black "Mikenas, Alius V"]
[Result "1-0"]
[WhiteElo "2422"]
[BlackElo "2138"]
[PlyCount "59"]
[EventDate "2014.08.03"]
[EventType "swiss"]
[EventRounds "6"]
[EventCountry "LTU"]
[SourceTitle "CBM 161 Extra"]
[Source "ChessBase"]
[SourceDate "2014.08.29"]
[SourceVersion "1"]
[SourceVersionDate "2014.08.29"]
[SourceQuality "1"]

1. e4 e6 2. d4 d5 3. Nc3 Bb4 4. exd5 exd5 5. Bd3 Ne7 6. Qh5 Be6 7. Nf3 h6 8. 0-0 Nd7 9. Re1 Nf6 10. Qh4 c6 11. Bg5 Nh7 12. Bf4 Nf8 13. Qg3 Rg8 14. a3 Bxc3 15. bxc3 Qc8 16. Rab1 b6 17. Bd6 Qd7 18. a4 f6 19. c4 Rd8 20. Ba3 g5 21. c5 bxc5 22. Bxc5 Kf7 23. a5 Nfg6 24. a6 h5 25. Rb7 h4 26. Bxg6+ Rxg6 27. Rxd7 Rxd7 28. Qb8 h3 29. Bxe7 Kxe7 30. Rxe6+ 1-0

[Event "Taujenai Mikenas Memorial 2nd"]
[Site "Taujenai"]
[Date "2014.08.03"]
[Round "1"]
[White "Narmontas, Matas"]
[Black "Zavanelli, Max E"]
[Result "1-0"]
[WhiteElo "2422"]
[BlackElo "1892"]
[PlyCount "33"]
[EventDate "2014.08.03"]
[EventType "swiss"]
[EventRounds "6"]
[EventCountry "LTU"]
[SourceTitle "CBM 161 Extra"]
[Source "ChessBase"]
[SourceDate "2014.08.29"]
[SourceVersion "1"]
[SourceVersionDate "2014.08.29"]
[SourceQuality "1"]

1. e4 Nc6 2. Nc3 Nf6 3. d4 d5 4. e5 Nd7 5. f4 Nb6 6. Be3 e6 7. Nf3 Be7 8. a3 Na5 9. b3 Nd7 10. Qd2 b6 11. Bd3 c5 12. 0-0 Bb7 13. f5 c4 14. fxe6 fxe6 15. Ng5 Bxg5 16. Bxg5 Qc7 17. Nb5 1-0

[Event "Plunge op 34th"]
[Site "Plateliai"]
[Date "2014.07.18"]
[Round "7"]
[White "Narmontas, Matas"]
[Black "Kalvaitis, Sigitas"]
[Result "1/2-1/2"]
[WhiteElo "2425"]
[BlackElo "2247"]
[PlyCount "39"]
[EventDate "2014.07.14"]
[EventType "swiss"]
[EventRounds "9"]
[EventCountry "LTU"]
[SourceTitle "EXT 2015"]
[Source "ChessBase"]
[SourceDate "2014.11.20"]
[SourceVersion "1"]
[SourceVersionDate "2014.11.20"]
[SourceQuality "1"]

1. e4 e6 2. d4 d5 3. Nc3 Bb4 4. exd5 exd5 5. Bd3 Nc6 6. a3 Ba5 7. Be3 Nge7 8. Qh5 Qd7 9. h3 Nf5 10. Nf3 h6 11. b4 Bb6 12. Bxf5 Qxf5 13. Qxf5 Bxf5 14. Nxd5 Bxc2 15. b5 Ne7 16. Nxb6 axb6 17. Rc1 Be4 18. Rxc7 Nd5 19. Rc1 0-0 20. Nd2 1/2-1/2

[Event "Plunge op 34th"]
[Site "Plateliai"]
[Date "2014.07.17"]
[Round "5"]
[White "Narmontas, Matas"]
[Black "Krivonosov, Oleg"]
[Result "1/2-1/2"]
[WhiteElo "2425"]
[BlackElo "2448"]
[PlyCount "24"]
[EventDate "2014.07.14"]
[EventType "swiss"]
[EventRounds "9"]
[EventCountry "LTU"]
[SourceTitle "EXT 2015"]
[Source "ChessBase"]
[SourceDate "2014.11.20"]
[SourceVersion "1"]
[SourceVersionDate "2014.11.20"]
[SourceQuality "1"]

1. e4 e5 2. Nf3 Nc6 3. Bc4 Bc5 4. 0-0 Nf6 5. d4 Bxd4 6. Nxd4 Nxd4 7. f4 d6 8. fxe5 dxe5 9. Bg5 Qe7 10. c3 Ne6 11. Bxf6 Qc5+ 12. Kh1 Qxc4 1/2-1/2

[Event "Plunge op 34th"]
[Site "Plateliai"]
[Date "2014.07.15"]
[Round "2"]
[White "Maciuityte, Greta"]
[Black "Narmontas, Matas"]
[Result "0-1"]
[WhiteElo "1615"]
[BlackElo "2425"]
[PlyCount "52"]
[EventDate "2014.07.14"]
[EventType "swiss"]
[EventRounds "9"]
[EventCountry "LTU"]
[SourceTitle "EXT 2015"]
[Source "ChessBase"]
[SourceDate "2014.11.20"]
[SourceVersion "1"]
[SourceVersionDate "2014.11.20"]
[SourceQuality "1"]

1. e4 c5 2. Nf3 e6 3. d4 cxd4 4. Nxd4 Qb6 5. Nb5 a6 6. Be3 Qa5+ 7. N5c3 b5 8. Nd2 Bb7 9. a3 Nf6 10. Bd3 Qc7 11. 0-0 d6 12. f4 Nbd7 13. Rc1 Be7 14. Qf3 0-0 15. Qg3 Kh8 16. Qh3 e5 17. f5 Nb6 18. Bg5 Rad8 19. Nf3 d5 20. exd5 Nbxd5 21. Bxf6 Bxf6 22. Nxd5 Bxd5 23. Qg3 Qb6+ 24. Kh1 e4 25. Ne5 exd3 26. cxd3 Rfe8 0-1

[Event "Plunge op 34th"]
[Site "Plateliai"]
[Date "2014.07.14"]
[Round "1"]
[White "Narmontas, Matas"]
[Black "Ruginiene, Ramune"]
[Result "1-0"]
[WhiteElo "2425"]
[BlackElo "1545"]
[PlyCount "31"]
[EventDate "2014.07.14"]
[EventType "swiss"]
[EventRounds "9"]
[EventCountry "LTU"]
[SourceTitle "EXT 2015"]
[Source "ChessBase"]
[SourceDate "2014.11.20"]
[SourceVersion "1"]
[SourceVersionDate "2014.11.20"]
[SourceQuality "1"]

1. e4 e5 2. Nc3 Nf6 3. f4 Nc6 4. fxe5 Nxe5 5. d4 Nc6 6. e5 Qe7 7. Bg5 Qe6 8. Nf3 Bb4 9. Bxf6 gxf6 10. d5 Qe7 11. dxc6 dxc6 12. Qe2 Be6 13. exf6 Qxf6 14. Qe5 Bxc3+ 15. Qxc3 Qxc3+ 16. bxc3 1-0